000 00290nam a22001337a 4500
008 180924b xxu||||| |||| 00| 0 eng d
020 _a9780070569492
041 _aeng
080 _a941
100 _a17
101 _aHIS
245 _aWestern Civilization
_cSherman, D
942 _2udc
_cBK
999 _c48390
_d48390